01954 a2200289 450000500170000000800410001704000550005804100080011304100080012104100080012924500430013726000570018030000460023750007010028350801830098451101230116754600980129065000330138865000150142165000260143670000300146271000250149271000220151771000220153976500170156185600860157820140529132128.0140528s2005 mx ||||g |||| 00| 0 eng d aCO-BoUCMbspacJose A. GerenadAldemar Mondragón aeng aspa apor aAzul extremocJohn Stockwell, director c2006aMéxico D.F: (México)bMetro Goldwynn Mayer a1 DVD, 110 minutosbimagen, sonido, color aSinopsis : Cuando cuatro buceadores de estilo libre descubren un legendario pecio (del que se rumorea contiene millones de dólares en oro) y creen que su sueño de hallar un tesoro escondido se ha hecho realidad. Pero en sus cercanías, en el fondo del océano, desentierran otro misterio más siniestro. Estos amigos cazadores de tesoros hacen un pacto para mantener en secreto ambos descubrimientos para de esa forma poder excavar el pecio antes de que un cazador de tesoros rival averigüe su secreto y les birle el oro. Pero con tanto en juego, sus lealtades se ven puestas a prueba. Haciendo frente a peligros ocultos en toda ocasión, los cazadores pronto se convierten en la presa. aCréditos : Dirección: John Stockwell ; Producción: David A. Zelon ; Guión: Matt Johnson ; Música: Paul Haslinger ; Fotografía: Shane Hurlbut ; Vestuario: Leesa Evans. aReparto : Paul Walker, Jessica Alba, Scott Caan, Ashley Scott, Josh Brolin, James Frain, Tyson Beckford, Dwayne Adway. aAudio en inglés, español y portugués. Subtítulos en inglés, español y portugués 7aPelículas de acciónvDVD 7aBuceovDVD 7aTesoros ocultos vDVD1 aStockwell, Johnedirector2 aMetro Goldwynn Mayer2 aColumbia pictures2 aMandalay pictures tinto de blue uhttps://www.youtube.com/watch?v=fGm2Tsa6RMQzSiga este enlace para ver el trailer